Cómputo de votos y declaratorias de elección 2002. Provincia de Heredia: alcaldías, síndicos(as) y concejales de distrito

Uloženo v:
Podrobná bibliografie
Médium: Text
Témata:
Tagy: Přidat tag
Žádné tagy, Buďte první, kdo vytvoří štítek k tomuto záznamu!

MARC

LEADER 00000 a a2200000 04500
001 42816
003
040
245 |a Cómputo de votos y declaratorias de elección 2002. Provincia de Heredia:   |b alcaldías, síndicos(as) y concejales de distrito  
650 |a ELECCIONES  
650 |a VOTACION  
650 |a GOBIERNO LOCAL  
650 |a HEREDIA  
650 |a ALCALDIAS  
773 |g volumen4, número1 (2002 )  
999 |c 38144  |d 38144